00963nam a2200253 a 4500001001000000005001700010008004100027041000800068044000800076050002400084100002400108245011800132260004400250300004600294440011300340500003400453500000800487500002600495504003200521650005500553650002500608650004000633710003600673BRCA_540720190320205050.0111208s1936----nyua---###---#000-0#eng-# aeng anyu 4aNK9403b.M39 2 19361 aMay, Florence Lewis10aCatalogue of Laces and Embroideriesbin the collection of the Hispanic Society of Americacby Florence Lewis May. aNueva YorkbOrder of the Trusteesc1936 axxxiii, 147 p.bil., 49 láminasc20 cm. 0aHispanic notes & monographs: essays, studies, and brief bigraphies issued by the Hispanic Society of America aIncluye índice alfabético aM23 aEjemplar igual a AA38 aBibliografía : p. 131-13514aEncajesvCatálogosxColeccionistas y colecciones14aBordadovCatálogos14aGalerías y museoszEstados Unidos2 aThe Hispanic Society of America